000 00453nam a22001697a 4500
999 _c18250
_d18250
008 200228b xxu||||| |||| 00| 0 eng d
020 _a1119588610
050 _aHD30.213
_b.R35 2017 c.1
100 _aRainer, Kelly
245 _aManagement Information Systems
_bMoving Business Forward
250 _a4th ed.
260 _aHoboken
_bWiley
_c2017
300 _axvii, 514p.
700 _aBrad prince
700 _aHugh Watson
942 _2lcc
_cBK